MARC details
| 000 -LEADER |
| fixed length control field |
02865cab a2200337Ia 45 0 |
| 001 - CONTROL NUMBER |
| control field |
u212883 |
| 003 - CONTROL NUMBER IDENTIFIER |
| control field |
SIRSI |
| 008 - FIXED-LENGTH DATA ELEMENTS--GENERAL INFORMATION |
| fixed length control field |
101023s2016 ua ss b eng d |
| 040 ## - CATALOGING SOURCE |
| Original cataloging agency |
EAL |
| 041 ## - LANGUAGE CODE |
| Language code of text/sound track or separate title |
eng |
| Language code of summary or abstract |
ara |
| 090 ## - LOCALLY ASSIGNED LC-TYPE CALL NUMBER (OCLC); LOCAL CALL NUMBER (RLIN) |
| Classification number (OCLC) (R) ; Classification number, CALL (RLIN) (NR) |
ART MJAR V41 No1 Pt1 10 |
| 100 1# - MAIN ENTRY--PERSONAL NAME |
| Personal name |
Rabeh, M. R. M. |
| 240 10 - UNIFORM TITLE |
| Uniform title |
Minufiya journal of agricultural research, 2016 v.41 (1) |
| Number of part/section of a work |
Part 1 |
| Medium |
[electronic resource]. |
| 245 10 - TITLE STATEMENT |
| Title |
Effect of some mineral nutrients, growth regulators, antitranspirant and salt stress on the growth and mineral content of grapevine seedlingss |
| Medium |
[electronic resource]. |
| 246 15 - VARYING FORM OF TITLE |
| Title proper/short title |
تأثير بعض المغذيات المعدنية ومنظمات النمو ومضادات النتح والإجهاد الملحي على النمو والمحتوى المعدنى لشتلات العنب. |
| 300 ## - PHYSICAL DESCRIPTION |
| Extent |
P.117-140. |
| 504 ## - BIBLIOGRAPHY, ETC. NOTE |
| Bibliography, etc. note |
Includes references. |
| 520 ## - SUMMARY, ETC. |
| Summary, etc. |
The present investigation was conducted during 2013 and 2014 growing seasons in order to evaluate the influence of different mineral nutrients, growth regulators and antitranspirants in reducing salinity hazards in grapevine seedlings. One year old Thompson seedless grapevine seedlings were used in this study. The results indicated that, raising the salinity level of the irrigation solution from zero to either 2500 ppm or 5000 ppm NaCL caused significant reduction in the seedling growth rate, total leaf area and top, root and total dry weights of grapevine seedlings. As for the trunk cross - sectional area of the experimental seedlings, it significantly decreased with increasing the salinity level. The growth rate, total leaf area and top, root and total dry weights of the grapevine seedlings were positively influenced by the application of nitrogen, phosphorus, potassium, gibberellic acid, paclobutrazol or paraffin oil antitranspirant treatments. Nevertheless, the trunk cross-sectional area was not affected by the different treatments except, the addition of gibberellic acid to grapevine seedlings; as that positively influenced the trunk cross - sectional area. Significant positive interactions were generally noticed between both or either salinity level and fertilization and spray treatments on most of the indices used for describing the growth of the grapevine seedlings. Key words: Salinity, mineral nutrient, growth regulators, antitranspirant, grapes. |
| 546 ## - LANGUAGE NOTE |
| Language note |
Summary in Arabic. |
| 596 ## - |
| -- |
1 |
| 650 #0 - SUBJECT ADDED ENTRY--TOPICAL TERM |
| Topical term or geographic name entry element |
Grapes |
| General subdivision |
Fertilizers. |
| 650 #0 - SUBJECT ADDED ENTRY--TOPICAL TERM |
| Topical term or geographic name entry element |
Grapes |
| General subdivision |
Growth. |
| 650 #0 - SUBJECT ADDED ENTRY--TOPICAL TERM |
| Topical term or geographic name entry element |
Grapes |
| General subdivision |
Effect of salt on. |
| 650 #0 - SUBJECT ADDED ENTRY--TOPICAL TERM |
| Topical term or geographic name entry element |
Growth regulators |
| 650 #3 - SUBJECT ADDED ENTRY--TOPICAL TERM |
| Topical term or geographic name entry element |
Mineral fertilizers |
| 700 1# - ADDED ENTRY--PERSONAL NAME |
| Personal name |
Ahmed, S. A. |
| 700 1# - ADDED ENTRY--PERSONAL NAME |
| Personal name |
Moatafa, Maryam M. |
| 700 1# - ADDED ENTRY--PERSONAL NAME |
| Personal name |
Rizk, Sania A. M. |
| 773 0# - HOST ITEM ENTRY |
| Title |
Minufiya Journal of Agricultural Research. |
| Related parts |
2016.v.41(1) |
| Note |
Part 1 |
| International Standard Serial Number |
1110-0265 |
| Control subfield |
nnas |
| Record control number |
u158151 |
| 856 40 - ELECTRONIC LOCATION AND ACCESS |
| Uniform Resource Identifier |
<a href="http://nile.enal.sci.eg/EALE/2016/MJAR/4116/1p1/117.pdf">http://nile.enal.sci.eg/EALE/2016/MJAR/4116/1p1/117.pdf</a> |
| Public note |
Full Text Article |
| 942 ## - ADDED ENTRY ELEMENTS (KOHA) |
| Koha item type |
Articles |
| Source of classification or shelving scheme |
Library of Congress Classification |